Piackutatás, mint marketingtámogató eszköz

Bibliográfiai részletek
Szerző: Kádas Szilárd
További közreműködők: Dobó Dr. Róbert
Dokumentumtípus: Projektmunka
Kulcsszavak:ipari marketing
kereskedelem
marketing terv
online piackutatás
piackutatás
Online Access:http://dolgozattar.uni-bge.hu/59741

MARC

LEADER 00000nnm a2200000 i 4500
001 dolg59741
005 20260409145513.0
008 260409suuuu hu o 000 hun d
040 |a BGE Dolgozattár Repozitórium  |b hun 
041 |a hu 
100 1 |a Kádas Szilárd 
245 1 0 |a Piackutatás, mint marketingtámogató eszköz  |c Kádas Szilárd  |h [elektronikus dokumentum] 
516 |a Project_work 
520 3 |a A kutatásom célja az volt, hogy megvizsgáljam mennyire fontos a piackutatás mint marketingtámogató eszköz, és ezt a telefonvásárlásokon keresztül vizsgáltam. Itt láthattam hogy mennyire fontos is a piackutatás és a marketing, óriási szerepe van az előbb említett két tényezőnek abban, hogy egy termék vagy szolgáltatás végül sikeres legyen. Vizsgáltam, hogy a fogyasztók milyen szempontok alapján döntenek vásárlás előtt, illetve, hogy hogyan hatnak rájuk a különböző marketingeszközök. Kérdőíves kutatást készítettem, melyre összesen 116 válaszadó érkezett. A már előbb is említett szempontokat vizsgáltam a kérdőívemben, és elmondható, hogy az eredmények alapján 3 fontos szempont van, telefonvásárlás előtt a válaszadók szerint, ez pedig az ár, márka és a technikai jellemzők. Ezek közül is az igazán kiemelkedő két szempont pedig nem meglepő módon az ár valamint a márka volt. Ezek mellett még nagy hatással vannak a döntésekre a különféle reklámok valamint az influencer marketing. Reklámok terén leginkább a kedvezményes ajánlatok, míg influencer marketing esetében a különböző termékbemutatók azok amelyek nagy hatást fejtenek ki a fogyasztókra. Összességében tehát a kutatás rávilágított arra, hogy milyen szempontok alapján vásárolnak az emberek, valamint, hogy az egyre jobban fölerősödő influencer marketing milyen nagy hatással van a fogyasztókra és ezzel azt is mutatja, hogy mennyire fontos kialakítani egy jó piackutatást és később marketingstratégiát. 
695 |a ipari marketing 
695 |a kereskedelem 
695 |a marketing terv 
695 |a online piackutatás 
695 |a piackutatás 
700 1 |a Dobó Dr. Róbert  |e ths 
856 4 0 |u http://dolgozattar.uni-bge.hu/59741/1/K%C3%A1das%20Szil%C3%A1rd-Piackutat%C3%A1s%20mint%20marketingt%C3%A1mogat%C3%B3%20eszk%C3%B6z%20%28Projektmunka%29.pdf  |z Dokumentum-elérés 
856 4 0 |u http://dolgozattar.uni-bge.hu/59741/2/KM%20FOSZK%20b%C3%ADr%C3%A1lati%20lap%20K%C3%A1das%20Szil%C3%A1rd%20DR.pdf  |z Dokumentum-elérés